History Quiz

Random History Quiz

APO Iota Xi Local Chapter Quiz Stats

 Plays Quiz not verified by Sporcle

Challenge
Share
Tweet
Embed
Score 0/17 Timer 10:00
0 Plays Today
Hint Answer % Correct
What is our chapter called?Iota Xi
100%
What section are we in?Section 64
81.8%
What region are we in?Region 5
81.8%
When was our chapter re-chartered?1990
81.8%
When was our chapter chartered?1951
72.7%
Who is our chapter president?Bryanna Copeland
51.5%
Who is our chapter VP of service?Casey Cribbs
51.5%
Who is our chapter VP of membership?Gina Huss
51.5%
Who is our chapter VP of fellowship?Sammi Piccolino
51.5%
Hint Answer % Correct
Who is our chapter treasurer?David Wright
51.5%
Who is our chapter pledge educator?Gina Huss
51.5%
Who is our chapter secretary?Nina Durstine
48.5%
Who is our region chair?Irene Wolf
42.4%
Who is our chapter sergeant at arms?Liz Ruznki
39.4%
Who is our section chair?Jenn Britton
39.4%
Who are our chapter advisors?Dr. Fulford and Dr. Matthews
33.3%
What are 2 other active schools in our section? (All 6 are on this question)Clarion, Allegheny, Westminster, Pitt at Bradford, Grove City, Gannon,
27.3%

You're not logged in!

Compare scores with friends on all Sporcle quizzes.
Join for Free
OR
Log In

You Might Also Like...

Show Comments

Extras

Created Mar 26, 2014ReportNominate
Tags:chapter, iota, local

Top Quizzes Today


Score Distribution

Your Account Isn't Verified!

In order to create a playlist on Sporcle, you need to verify the email address you used during registration. Go to your Sporcle Settings to finish the process.

Report this User

Report this user for behavior that violates our Community Guidelines.

Details: